| 000 | 01259nam a2200181Ia 4500 | ||
|---|---|---|---|
| 008 | 090124s9999 xx 000 0 und d | ||
| 082 | _b134541 | ||
| 100 | _a"दातार रामचंद्र भि. ,कृष्णाजी निळकंठ द्रविड" | ||
| 245 | _a" संपूर्ण महाभारत - कर्णपर्व,शल्यपर्व, सौप्टिपर्व,स्त्रीपर्व" | ||
| 250 | _a2 | ||
| 260 |
_b"दातार रामचंद्र भि. ,कृष्णाजी निळकंठ द्रविड" _c1982 |
||
| 300 | _a174+43 | ||
| 600 | _a"दातार रामचंद्र भि. ,कृष्णाजी निळकंठ द्रविड" | ||
| 630 | _a" संपूर्ण महाभारत - कर्णपर्व,शल्यपर्व, सौप्टिपर्व,स्त्रीपर्व" | ||
| 700 | _a"दातार रामचंद्र भि. ,कृष्णाजी निळकंठ द्रविड" | ||
| 730 | _a" संपूर्ण महाभारत - कर्णपर्व,शल्यपर्व, सौप्टिपर्व,स्त्रीपर्व" | ||
| 942 | _cBOOK | ||
| 999 |
_c188569 _d188569 |
||